| 000 | 00680nam a22002175a 4500 | ||
|---|---|---|---|
| 003 | OSt | ||
| 005 | 20180227142957.0 | ||
| 008 | 180227s1961 ua frb 000 0 ara d | ||
| 040 |
_aEG-ScBUE _bara _cEG-ScBUE |
||
| 082 | 0 | 4 |
_a610 _bع ز م _222 |
| 100 | 1 | _aعزمي، سليمان. | |
| 245 | 1 | 0 |
_aعلى هامش الطب / _cتأليف سليمان عزمي. |
| 260 |
_aالقاهرة : _bدار القلم، _c1961. |
||
| 300 |
_aمج. 2. : _bإيض. ؛ _c24 سم. |
||
| 490 | 0 |
_aالف كتاب ؛ _v330 |
|
| 504 | _aيشتمل على إرجاعات ببليوجرافية. | ||
| 650 | 7 |
_aالطب. _2BUEsh |
|
| 651 | _2BUEsh | ||
| 653 |
_bPPhrm _cFebruary2018 |
||
| 942 | _2ddc | ||
| 999 |
_c26186 _d26158 |
||